000 01175nam0a2200361 4500
001 RU\NLR\bibl\215946
005 20260406040828.0
010 _a5-17-007016-0
_910000
021 _aRU
_b2001-36882
_91751
035 _a(NLR Aleph) 000212075
090 _a1231167
_c1231167
100 _a20011217d2001 |||y0rusy50 ca
101 1 _arus
_ceng
102 _aRU
105 _ay |||||||||
200 1 _aСвоенравная леди
_eРоман
_fНэн Райан
_g[Пер. с англ. Ю.Я. Гольдберга]
210 _aМ.
_cАСТ
_d2001
215 _a334, [1] с.
_d21
225 1 _aСерия "Шарм"
610 0 _aСША, 19 в. (х. л.)
610 0 _aПриключенческие романы и рассказы (х. л.)
675 _a821.111(73)-31Райан
_v3
_zrus
686 _a17.82
_2rugasnti
686 _a84(7Сое)-44
_2rubbk
686 _aШ6(7США)67-440.4
700 1 _4070
_8rus
_7ca
_aРайан
_bН.
_gНэн
_3RU\NLR\auth\771340
_9111367
801 0 _aRU
_bRKP
_c20011217
_gPSBO
801 1 _aRU
_bRKP
_c20011217
801 2 _aRU
_bNLR
_c20020130
_grcr
942 _cBOOK
980 _aNB